000 00518nam a22001697a 4500
003 BD-DhUL
005 20181017115218.0
008 181017s1974 ii ||||| |||| 00| 0 urd d
040 _aBD-DhUL
_cBD-DhUL
082 _a891.433
_bIBU
100 0 _aابراہیم جلیس
245 1 0 _aاوپر شیروانی اندرپر یشانی /
_cابراہیم جلیس
260 _aدھلی :
_bمکتبہ علم وفن،
_c۔۱۹۷۴
300 _aص۔ ۱۴۴ ؛
_c۱۹ سم۔
650 4 _aUrdu fiction
942 _2ddc
_cBK
999 _c243993
_d243993